000 01002nam a22001697a 4500
008 110608t xxu||||| |||| 00| 0 eng d
010 _aSCCAF15
245 _aSupreme Court Civil Appeal No. 49 OF 1995 Shell (U) Limited Vs Agip (U) Limited
260 _c1995
500 _aCoram: Wambuzi, C.J., Oder, J.S.C. and Tsekooko, J.S.C.
500 _aAppeal from a Ruling of the High Court of Uganda Rajasingham Q.C. at Kampala, dated 31st August, 1995 in Miscellaneous Application NO. 203 OF 1995
999 _c2472
_d2472